ИК-спектроскопическое исследование продукта карбонизации оксидной системы, полученной в процессе неравновесного электрохимического окисления меди и алюминия; Новината за напреднали наука

Bibliographische Detailangaben
Parent link:Новината за напреднали наука.— 2013
1. Verfasser: Усольцева Н. В. Наталья Васильевна
Körperschaft: Национальный исследовательский Томский политехнический университет (ТПУ) Институт природных ресурсов (ИПР) Кафедра общей химической технологии (ОХТ)
Weitere Verfasser: Коробочкин В. В. Валерий Васильевич
Zusammenfassung:Заглавие с титульного листа
Sprache:Russisch
Veröffentlicht: 2013
Schriftenreihe:Химия и химические технологии. Неорганическая химия
Schlagworte:
Online-Zugang:http://www.rusnauka.com/15_NPN_2013/Chimia/7_139143.doc.htm
Format: Elektronisch Buchkapitel
KOHA link:https://koha.lib.tpu.ru/cgi-bin/koha/opac-detail.pl?biblionumber=636881

MARC

LEADER 00000naa0a2200000 4500
001 636881
005 20250920103014.0
035 |a (RuTPU)RU\TPU\network\940 
090 |a 636881 
100 |a 20140408d2013 k y0rusy50 ca 
101 0 |a rus 
102 |a BG 
135 |a drgn ---uucaa 
181 0 |a i  
182 0 |a b 
200 1 |a ИК-спектроскопическое исследование продукта карбонизации оксидной системы, полученной в процессе неравновесного электрохимического окисления меди и алюминия   |f Н. В. Усольцева, В. В. Коробочкин 
203 |a Текст  |c электронный 
225 1 |a Химия и химические технологии. Неорганическая химия 
300 |a Заглавие с титульного листа 
320 |a [Библиогр.: 3 назв.] 
463 1 |t Новината за напреднали наука  |o материали за 9-а Международна научна практична конференция, София, 17-25 Мая 2013  |d 2013 
610 1 |a электронный ресурс 
610 1 |a труды учёных ТПУ 
610 1 |a алюминий 
610 1 |a медь 
610 1 |a электрохимический синтез 
700 1 |a Усольцева  |b Н. В.  |c химик-технолог  |c инженер Томского политехнического университета  |f 1985-  |g Наталья Васильевна  |3 (RuTPU)RU\TPU\pers\27928  |9 12931 
701 1 |a Коробочкин  |b В. В.  |c российский химик-технолог  |c заведующий кафедрой Томского политехнического университета, доктор технических наук  |f 1951-  |g Валерий Васильевич  |3 (RuTPU)RU\TPU\pers\27915 
712 0 2 |a Национальный исследовательский Томский политехнический университет (ТПУ)  |b Институт природных ресурсов (ИПР)  |b Кафедра общей химической технологии (ОХТ)  |3 (RuTPU)RU\TPU\col\18654 
801 2 |a RU  |b 63413507  |c 20160608  |g RCR 
856 4 |u http://www.rusnauka.com/15_NPN_2013/Chimia/7_139143.doc.htm 
942 |c CF